| 000 | 00693nam a2200205 a 4500 | ||
|---|---|---|---|
| 001 | 5198 | ||
| 003 | CDMR | ||
| 005 | 20131211155028.0 | ||
| 008 | 130130s1995||||||||||||||||||||||||||||d | ||
| 020 | _a8487697958 | ||
| 040 |
_aCDMR _bcat _cCDMR |
||
| 245 | 0 | 0 |
_aManual de periodismo _cAmado José El-Mir, Felicísimo Valbuena de la Fuente, compiladores |
| 260 |
_a[Las Palmas de Gran Canaria] _bUniversidad de las Palmas de Gran Canaria |
||
| 260 |
_aBarcelona _c1995 _bPrensa Ibérica |
||
| 300 |
_a800 p. _c30 cm |
||
| 650 | 0 | 4 |
_94374 _aPeriodisme _xManuals, guies, etc |
| 650 | 0 | 4 |
_92030 _aPeriodisme _xOrientació professional |
| 650 | 0 | 4 |
_9405 _aMitjans de comunicació de massa |
| 942 |
_cMON _2udc |
||
| 999 |
_c5198 _d5198 |
||